000 01179nam a22004210a 4500
001 PT56802
003 AR-LpoUNG
005 20210131231758.0
008 191001s2007||||ag |||||||||||||||||spa d
020 _a9789872312619
_c$12
040 _aAR-LpoUNG
_bspa
_cAR-LpoUNG
_eaacr
041 _aspa
044 _aag
082 0 _a982.065 748ima
100 1 _aDownie, Karina
_ecomp.
245 1 0 _aImágenes de la vida :
_bAsociación Madres de Plaza de Mayo : 30 años de lucha por la vida venciendo a la muerte
250 _a1ra. ed.
260 _aBuenos Aires :
_bFundación Madres de Plaza de Mayo,
_c2007.
300 _a240 p. :
_bfot.
650 4 _aANALISIS HISTORICO
650 4 _aARGENTINA
650 4 _aDERECHOS HUMANOS
650 4 _aDICTADURA
650 4 _aDOCUMENTOS
650 4 _aFOTOS
650 4 _aGOBIERNO MILITAR
650 4 _aHISTORIA
650 4 _aHISTORIA POLITICA
650 4 _aHISTORIA SOCIAL
651 4 _aArgentina
653 _aDESAPARECIDOS
653 _aMADRES DE PLAZA DE MAYO
653 _aMEMORIA COLECTIVA
700 1 _aBayer, Osvaldo
_epról.
700 1 _aBotrugno, Germán
_ecomp.
905 _a56802
942 _cLIB
999 _c11888
_d11888